01801nam a2200409 a 4500001001000000003000500010005001700015008004100032010001100073011001100084040000900095090001000104100004500114245022400159260004100383500006000424502007700484590003700561590004100598590004000639590004000679590004000719590004000759650003500799650003400834650004400868650003300912700004200945856001600987856007001003901000701073942001001080942000601090999001901096952014001115952013601255000111220CHAP20220329144203.0150120s2014 mx a fsm |||||||spa d a107682 a108654 cCHAP aTesis1 aMonjarás Vega, Gustavo Eduardo912908910aPropuesta de producción integralh[En línea]bagrícola, pecuaria y acuícola para desarrollo sustentable en San Miguel Eloxochitlán, Puebla /cpor Gustavo Eduardo Monjáras Vega y Juan Antonio Carrera Arriaga. aChapingo, Méx. :bEl autor,c2014. aPara ver el contenido del material haga clic en la liga aTesis (Ing. Agr. Esp. en Fitotecnia) -- UACH. Departamento de Fitotecnia aBATCHb00c20181121lUCH01h0759 aE11695DGDb10c20150123lUCH01h1124 aE6096MTMb05c20150120lUCH01h1258 aE6096MTMb05c20150120lUCH01h1300 aE6096MTMb05c20150122lUCH01h0944 aE6096MTMb05c20150122lUCH01h134114aAcuiculturaxProducción977714aCultivosxRendimiento.93031814aDesarrollo sustentablezPuebla.912586114aGanadoxProducción.9449451 aCarrera Arriaga, Juan Antonio9129090 a1 n0001313 aFinding aiduhttp://10.13.5.2/tesis/sist111220.pdfzTeclea aquí aBK cTESIS n0 c107682d107682 00102local4053708TESISaBCbBCcPA_TESISd2015-01-22fTESISl0oTesisp33724002442256r2019-12-31 00:00:00tc.2w2019-12-31yTESIS 00104054718TESISaBCbBCd2015-01-20fTESISl0oTesisp33724002442298r2019-12-31 00:00:00w2019-12-31yTESISzRecien adquirido